书目信息 |
| 题名: |
循环经济理论与实践
|
|
| 作者: | 何尧军 , 单胜道 编著 | |
| 分册: | ||
| 出版信息: | 北京 科学出版社 2009.10 |
|
| 页数: | 272页 | |
| 开本: | 24cm | |
| 丛书名: | ||
| 单 册: | ||
| 中图分类: | F062.1 | |
| 科图分类: | ||
| 主题词: | 自然资源--资源经济学 , 自然资源 , 资源经济学 | |
| 电子资源: | ||
| ISBN: | 978-7-03-025618-8 | |
| 000 | 01025nam0 2200277 450 | |
| 001 | 010010012532 | |
| 005 | 20091208150043.87 | |
| 010 | @a978-7-03-025618-8@dCNY48.00 | |
| 100 | @a20091111d2009 em y0chiy0110 ea | |
| 101 | 0 | @achi |
| 102 | @aCN@b110000 | |
| 105 | @aak z 000yy | |
| 106 | @ar | |
| 200 | 1 | @a循环经济理论与实践@9xun huan jing ji li lun yu shi jian@dTheory and practice of circular economy@f何尧军,单胜道编著@zeng |
| 210 | @a北京@c科学出版社@d2009.10 | |
| 215 | @a272页@c图@d24cm | |
| 330 | @a本书注重理论与实践相结合,在阐述基本概念、基本理论的基础上,介绍了实践做法,并辅以典型案例,使说理更加透彻;相关章节后还配有“知识链接”,便于读者理解、掌握并在实践中运用相关知识。 | |
| 510 | 1 | @aTheory and practice of circular economy@zeng |
| 606 | 0 | @a自然资源@x资源经济学 |
| 606 | 0 | @a自然资源 |
| 606 | 0 | @a资源经济学 |
| 690 | @aF062.1@v4 | |
| 701 | 0 | @a何尧军@9he yao jun@4编著 |
| 701 | 0 | @a单胜道@9shan sheng dao@4编著 |
| 801 | 0 | @aCN@bRENTIAN@c20091208 |
| 905 | @b20795370-74@dF062.1@e93@f5 | |
| 循环经济理论与实践=Theory and practice of circular economy/何尧军,单胜道编著.-北京:科学出版社,2009.10 |
| 272页:图;24cm |
| ISBN 978-7-03-025618-8:CNY48.00 |
| 本书注重理论与实践相结合,在阐述基本概念、基本理论的基础上,介绍了实践做法,并辅以典型案例,使说理更加透彻;相关章节后还配有“知识链接”,便于读者理解、掌握并在实践中运用相关知识。 |
| ● |
| 相关链接 |
|
|
|
|
正题名:循环经济理论与实践
索取号:F062.1/93
 
预约/预借
| 序号 | 登录号 | 条形码 | 馆藏地/架位号 | 状态 | 备注 |
| 1 | 795370 | 207953703 | 第一样本阅览室/ [索取号:F062.1/93] | 在馆 | |
| 2 | 795371 | 207953712 | 第一借阅区/ [索取号:F062.1/93] | 在馆 | |
| 3 | 795372 | 207953721 | 第一借阅区/ [索取号:F062.1/93] | 在馆 | |
| 4 | 795373 | 207953730 | 第一借阅区/ [索取号:F062.1/93] | 在馆 | |
| 5 | 795374 | 207953749 | 第一借阅区/ [索取号:F062.1/93] | 在馆 |